000 00928cam a2200277 i 4500
008
020 _a9781472435170 (hardback).
040 _aNUST
_cNUST
049 _aMAIN
090 _aBF378.E94
_bDIA.
245 1 0 _aDiagnostic expertise in organizational environments /
_cedited by Mark W. Wiggins and Thomas Loveday.
264 1 _aFarnham, Surrey, England ; Burlington, VT :
_bAshgate,
_c[2015].
300 _axiv, 190 pages :
_billustrations ;
_c25 cm.
336 _atext
_btxt
_2rdacontent.
337 _aunmediated
_bn
_2rdamedia.
338 _avolume
_bnc
_2rdacarrier.
500 _aIncludes index.
504 _aIncludes bibliographical references .
650 0 _aExpertise.
650 0 _aReasoning (Psychology)
650 0 _aPerformance technology.
907 _a.b10398880
_b25-01-22
_c22-01-20
003
005 20230120144502.0
942 _cBOOKS
_kBF378.E94
_mDIA.
999 _c97695
_d97695